Nr. 1 Hits in Deutschland 2006 - Statistiken

Allgemein
  • Dieses Quiz wurde 62 mal gespielt
  • Das Durchschnittsergebnis liegt bei 9 aus 20
Antwortstatistiken
Wochen auf Platz 1 Lied Interpret % Korrekt
3 Wochen Hips Don’t Lie Shakira feat. Wyclef Jean
95%
3 Wochen ’54, ’74, ’90, 2006* Sportfreunde Stiller
93%
3 Wochen Zeit, dass sich was dreht Herbert Grönemeyer feat.Amadou & Mariam
79%
7 Wochen Das Beste Silbermond
77%
9 Wochen Hung Up Madonna
73%
3 Wochen SexyBack Justin Timberlake
70%
6 Wochen All Good Things (Come to an End) Nelly Furtado
61%
3 Wochen No No Never Texas Lightning
50%
3 Wochen Big City Life Mattafix
41%
5 Wochen Love Generation Bob Sinclar presents Goleo VIfeat. Gary „Nesta“ Pine
39%
5 Wochen Danke Xavier Naidoo
38%
4 Wochen I Still Burn Tobias Regner
36%
1 Woche Rette mich Tokio Hotel
29%
2 Wochen I Belong to You(Il ritmo della passione) Eros Ramazzotti &Anastacia
27%
1 Woche I Don’t Feel Like Dancin’ Scissor Sisters
27%
1 Woche Patience Take That
25%
2 Wochen Shame Monrose
20%
1 Woche Rudebox Robbie Williams
18%
1 Woche Der letzte Tag Tokio Hotel
9%
1 Woche Don’t Let It Get You Down Mike Leon Grosch
2%
Keine übereinstimmenden Quizze gefunden
Verteilung der Resultate
Anzahl Personen mit jedem Resultat
Perzentil nach korrekt beantworteten Fragen
Ihre Resultats-Entwicklung
Sie haben dieses Quiz noch nicht gespielt